000 00829nam a2200229 a 4500
008 951121s1986||||[C 0 slo c
040 _aSNK
_bslo
_cSNK
_eAACR2
041 1 _aslo
_hrus
044 _axo
_cSK
080 _a947"1917"(081)
080 _a141.82(081)
100 1 _aLenin, Vladimir Iľjič
_4aut
245 1 0 _aZobrané spisy. /Zv./ 34
_bJúl-október 1917
_cVladimir Iľjič Lenin ; Magdaléna Petrufová, Oto Takáč
250 _a2., vyd.
260 _aBratislava
_bPravda
_c1986
_eBratislava
_fPravda
300 _a710 s., 30,52 AH
_c21 cm
500 _aLit. 157. Pozn. Reg. men. a lit. prác a prameňov. Životopisné údaje. Zozn. nenájdených prác V. I. Lenina. Faksim. rkp. 157 zázn. v slov. a rus.
700 1 _aPetrufová, Magdaléna
_4trl
700 1 _aTakáč, Oto
_4bkd
020 _c16
958 _aA
999 _c15450
_d15450